00690 2200253 4500001002100000005001500021035002000036007000300056008004100059020002200100082001000122084001600132100002500148245008400173250001000257260003200267300003300299650002900332700001600361504002700377990001100404990001100415990001000426INLIS00000000000391020190808110103 a0010-0819000053ta190808 g 0 ind  a978-602-1622-22-3 a633.5 a633.5 YUS p0 aYUSNU, Iman Nurhakim1 aPerkebunan Kelapa Sawit Cepat Panen /cYusnu Iman Nurhakim; editor, Nurmalasari acet.1 aDepok :bInfra Hijau,c2014 avi, 131 hlm :bilus ;c23 cm 4aKELAPA SAWIT. PERKEBUNAN0 aNURMALASARI aBibliografi.; hlm. 131 a6067 a a6067 b a6067c